[Event "Pavlodar op"]
[Site "Pavlodar"]
[Date "2012.08.06"]
[Round "2"]
[White "Kotsur, Ivan"]
[Black "Ospanov, Nazar"]
[Result "1-0"]
[WhiteElo "2053"]
[BlackElo "2286"]
[PlyCount "71"]
[EventDate "2012.08.05"]
[EventType "swiss"]
[EventRounds "7"]
[EventCountry "KAZ"]
[SourceTitle "EXT 2014"]
[Source "ChessBase"]
[SourceDate "2013.11.20"]
[SourceVersion "1"]
[SourceVersionDate "2013.11.20"]
[SourceQuality "1"]

1. d4 Nf6 2. Nf3 e6 3. c4 b6 4. a3 Bb7 5. Nc3 d5 6. cxd5 Nxd5 7. Qc2 Be7 8. e4 Nxc3 9. bxc3 0-0 10. Bd3 c5 11. 0-0 Qc8 12. Qe2 Rd8 13. Bg5 Bxg5 14. Nxg5 h6 15. Nf3 Nd7 16. Rac1 Qc7 17. e5 Rac8 18. h4 cxd4 19. cxd4 Qxc1 20. Rxc1 Rxc1+ 21. Kh2 Rc3 22. a4 Bxf3 23. Qxf3 Kf8 24. Qe4 Nxe5 25. dxe5 Rcxd3 26. Qh7 R3d4 27. Kh3 Rxa4 28. Qh8+ Ke7 29. Qxg7 Rf4 30. Qxh6 Rxf2 31. Qg5+ Ke8 32. Qe3 Rdd2 33. g3 Rde2 34. Qd4 Rf5 35. Qa4+ Kf8 36. Qb4+ 1-0

[Event "KAZ-ch qual"]
[Site "Astana"]
[Date "2012.02.23"]
[Round "3"]
[White "Aligozhin, Zhaslan"]
[Black "Kotsur, Ivan"]
[Result "0-1"]
[WhiteElo "2346"]
[BlackElo "2036"]
[PlyCount "54"]
[EventDate "2012.02.21"]
[EventType "swiss"]
[EventRounds "9"]
[EventCountry "KAZ"]
[SourceTitle "EXT 2014"]
[Source "ChessBase"]
[SourceDate "2013.11.20"]
[SourceVersion "1"]
[SourceVersionDate "2013.11.20"]
[SourceQuality "1"]

1. c4 e5 2. Nc3 Nf6 3. g3 Bb4 4. Bg2 0-0 5. Nf3 Nc6 6. 0-0 Re8 7. Ne1 Bxc3 8. dxc3 e4 9. Nc2 d6 10. Bg5 h6 11. Bxf6 Qxf6 12. Ne3 Qd8 13. Qc2 f5 14. Rad1 Qf6 15. f3 exf3 16. Nd5 Qf7 17. Rxf3 Ne5 18. Rf4 c6 19. Ne3 Ng6 20. Rf3 Ne5 21. Rf4 Ng6 22. Rxf5 Bxf5 23. Nxf5 Qxc4 24. Nxd6 Qc5+ 25. Kh1 Re6 26. Qb3 Qe5 27. Bh3 Nf8 0-1

[Event "Pavlodar op"]
[Site "Pavlodar"]
[Date "2010.12.06"]
[Round "7"]
[White "Mezentsev, Ivan"]
[Black "Kotsur, Ivan"]
[Result "1-0"]
[WhiteElo "1745"]
[BlackElo "2046"]
[PlyCount "47"]
[EventDate "2010.11.30"]
[EventType "swiss"]
[EventRounds "10"]
[EventCountry "KAZ"]
[SourceTitle "EXT 2012"]
[Source "ChessBase"]
[SourceDate "2011.11.24"]
[SourceVersion "1"]
[SourceVersionDate "2011.11.24"]
[SourceQuality "1"]

1. e4 e6 2. Nc3 d5 3. Nf3 Bb4 4. exd5 exd5 5. d4 Nf6 6. Bd3 0-0 7. 0-0 h6 8. h3 c5 9. dxc5 Bxc3 10. bxc3 Qa5 11. Be3 Nc6 12. Qd2 Ne4 13. Bxe4 dxe4 14. Nd4 Ne5 15. Nb3 Qc7 16. Bf4 Be6 17. Qe3 b5 18. Qg3 Bxb3 19. axb3 Rfe8 20. Bxh6 Re6 21. Bf4 Qxc5 22. Bxe5 Rxe5 23. Qe3 Qxe3 24. fxe3 1-0